LEADER 01556nam 2200517Ia 450 001 9910455425703321 005 20200520144314.0 010 $a1-60876-337-4 035 $a(CKB)1000000000787429 035 $a(EBL)3018429 035 $a(SSID)ssj0000222492 035 $a(PQKBManifestationID)12057328 035 $a(PQKBTitleCode)TC0000222492 035 $a(PQKBWorkID)10169545 035 $a(PQKB)11377502 035 $a(MiAaPQ)EBC3018429 035 $a(Au-PeEL)EBL3018429 035 $a(CaPaEBR)ebr10660290 035 $a(OCoLC)434959388 035 $a(EXLCZ)991000000000787429 100 $a20080725d2009 uy 0 101 0 $aeng 135 $aur|n|---||||| 181 $ctxt 182 $cc 183 $acr 200 10$aPlasticity of metals and alloys$b[electronic resource] /$fV.V. Pustovalov 210 $aNew York $cNova Science Publishers$dc2009 215 $a1 online resource (139 p.) 300 $aDescription based upon print version of record. 311 $a1-60456-965-4 320 $aIncludes bibliographical references (p. 111-123) and index. 606 $aMaterials at low temperatures 606 $aPlasticity 608 $aElectronic books. 615 0$aMaterials at low temperatures. 615 0$aPlasticity. 676 $a620.1/633 700 $aPustovalov$b V. V$g(Vitalii Valentinovich)$0889407 801 0$bMiAaPQ 801 1$bMiAaPQ 801 2$bMiAaPQ 906 $aBOOK 912 $a9910455425703321 996 $aPlasticity of metals and alloys$91986894 997 $aUNINA LEADER 01804nam 2200481 450 001 9910814915803321 005 20200520144314.0 010 $a92-871-7962-X 035 $a(CKB)2670000000574125 035 $a(MiAaPQ)EBC3138803 035 $a(Au-PeEL)EBL3138803 035 $a(CaPaEBR)ebr10984505 035 $a(CaONFJC)MIL655885 035 $a(OCoLC)922998567 035 $a(NjHacI)992670000000574125 035 $a(EXLCZ)992670000000574125 100 $a20141202h20142014 uy 0 101 0 $aeng 135 $aurcnu|||||||| 181 $2rdacontent 182 $2rdamedia 183 $2rdacarrier 200 04$aThe linguistic integration of adult migrants $efrom one country to another, from one language to another 210 1$aStrasbourg, [France] :$cEditions du Conseil de l'Europe,$d2014. 210 4$d2014 215 $a1 online resource (58 pages) $cillustrations 311 $a92-871-7871-2 311 $a1-322-24605-X 327 $a1. Human rights, equity and quality -- 2. Designing language programmes -- 3. Delivering language programmes -- 4. Assessing language proficiency and language courses -- 5. Taking account of the intercultural perspective. 606 $aLanguage and languages$xStudy and teaching$zEuropean Union countries 606 $aImmigrants$xCultural assimilation$zEuropean Union countries 606 $aSecond language acquisition$xAge factors 615 0$aLanguage and languages$xStudy and teaching 615 0$aImmigrants$xCultural assimilation 615 0$aSecond language acquisition$xAge factors. 676 $a418.007104 801 0$bMiAaPQ 801 1$bMiAaPQ 801 2$bMiAaPQ 906 $aBOOK 912 $a9910814915803321 996 $aThe Linguistic Integration of Adult Migrants$91934556 997 $aUNINA